000 00251nam a22000977a 4500
020 _a0669393487
050 _aQA 303 .L328 1994
100 _aROLAND E LARSON
245 _aCALCULUS OF A SINGLE VARIABLE
_bEARLY TRANSCENDENTAL FUNCTIONS
942 _2lcc
_cGEN
999 _c11998
_d11998